000 00861nam a22002657a 4500
001 BR2017000757
003 BR-BrBNA
005 20230928105053.0
007 ta
008 230509b bl.||||| |||| 00| 0 por d
040 _aBR-BrBNA
_bpor
_cBiblioteca Nacional de Agricultura
041 _a(Por)
072 _aU10
090 _ U10 BR2017000757
100 1 _aAndrade, L.R. de
110 1 _aUniversidade Federal de Lavras, MG (Brasil)
_0Tese (Doutorado)
245 1 _aAnálise bayesiana do modelo fatorial dinâmico para um vetor de séries temporais utilizando a distribuição t multivariada
260 3 _aLavras, MG (Brasil):
_c2016.
300 _a148 p.
500 _aSummaries (Eng, Por); 23 ref.; 11 tables; 36 illus.
650 _aMODELO MATEMÁTICO
650 _aMÉTODO ESTATÍSTICO
909 _a202309
_bLucia
_c55
_dLucia Elande
942 _cBK
999 _c83259
_d83259